000 00660nam a2200157 a 4500
008 101119s2010 ||||||||||||||||| || u
020 _a9789211231847
050 _aUN-ESA(02)
110 _aUnited Nations Economic and Social Affairs (UNESA)
245 1 0 _aCompendium of innovative E-government practices, volume III
260 _aNew York
_bUnited Nations Economic and Social Affairs (UN-ESA)
_c2010
300 _axii, 218p.
350 _a0.00
650 _aELECTRONIC GOVERNMENT
995 _D0.00
_FCBU-MAIN LIBRARY (Kitwe)
_H1
_I0.00
_M1
_UAVAILABLE
_WNov 23, 2010
_ZInternational Publications
999 _c38072
_d38072